Normal view
MARC view
- Sethi, K L .
Entry Personal Name
001 - CONTROL NUMBER
- control field: 1471
003 - CONTROL NUMBER IDENTIFIER
- control field: OSt
005 - DATE AND TIME OF LATEST TRANSACTION
- control field: 20160923155031.0
008 - FIXED-LENGTH DATA ELEMENTS
- fixed length control field: 160923|| aca||aabn | a|a d
040 ## - CATALOGING SOURCE
- Original cataloging agency: OSt
- Transcribing agency: OSt
100 ## - HEADING--PERSONAL NAME
- Personal name: Sethi, K L .
670 ## - SOURCE DATA FOUND
- Source citation: Work cat.: (OSt)5469: Bhattacharyya, S C . 1469, Chemistry Analysis and Structure, Vol- 4 / , 1989.
